Investigaciones recientes sobre etnociencia en el área maya /

Se considera el objetivo de la etnociencia como la presentación de los modelos más o menos formales de la estructura cognoscitiva mediante la cual, es factible la comprensión de aspectos determinados del comportamiento humano, según el énfasis científico de esta disciplina y el desarrollo teórico me...

Disgrifiad llawn

Wedi'i Gadw mewn:
Manylion Llyfryddiaeth
Prif Awdur: Escalante, Roberto
Fformat: Texto
Pynciau:
Tagiau: Ychwanegu Tag
Dim Tagiau, Byddwch y cyntaf i dagio'r cofnod hwn!

MARC

LEADER 00000 a a2200000 04500
001 7546
003
040
100 |a Escalante, Roberto  
245 |a Investigaciones recientes sobre etnociencia en el área maya /  |c Roberto Escalante 
520 |a Se considera el objetivo de la etnociencia como la presentación de los modelos más o menos formales de la estructura cognoscitiva mediante la cual, es factible la comprensión de aspectos determinados del comportamiento humano, según el énfasis científico de esta disciplina y el desarrollo teórico metodológico que se sigue para llegar a descifrar los misterios de la vida y del ser humano. HB/EL  
650 |a AMERINDIOS  
650 |a TEORIA SOCIAL  
650 |a METODOLOGIA  
650 |a INVESTIGACION  
773 |g volumen 16, número 16; páginas 305-324  
999 |c 23374  |d 23374